Perfect health: (Record no. 142901)

MARC details
000 -LEADER
fixed length control field 00680nam a22002057a 4500
005 - DATE AND TIME OF LATEST TRANSACTION
control field 20170814141830.0
010 ## - LCCN (DPL NO)
LC control number ENG-119422
020 ## - INTERNATIONAL STANDARD BOOK NUMBER
International Standard Book Number 9789381588369
Terms of availability 140.00
020 ## - INTERNATIONAL STANDARD BOOK NUMBER
International Standard Book Number 9381588368
Terms of availability 140.00
035 ## - SYSTEM CONTROL NUMBER
System control number EN-102954
037 ## - SOURCE OF ACQUISITION
Source of stock number/acquisition DBAD/PUB
082 ## - DEWEY DECIMAL CLASSIFICATION NUMBER
Classification number 613.0433
100 ## - MAIN ENTRY--PERSONAL NAME
Personal name Podder,Tanushree
245 ## - TITLE STATEMENT
Title Perfect health:
Statement of responsibility, etc by Tanushree Podder [and] Shrikant Prasoon
Remainder of title the complete guide for body and mind body, diet and nutrition /
260 ## - PUBLICATION, DISTRIBUTION, ETC. (IMPRINT)
Place of publication, distribution, etc New Delhi
Name of publisher, distributor, etc V & S Publishers
Date of publication, distribution, etc 2012
270 ## - ADDRESS
Address F-2/16, Ansari Road,Daryaganj
City New Delhi
Postal code 110002
300 ## - PHYSICAL DESCRIPTION
Extent 112p.
Dimensions 22cm(pbk)
700 ## - ADDED ENTRY--PERSONAL NAME
Personal name Prasoon,Shrikant
942 ## - ADDED ENTRY ELEMENTS (KOHA)
Source of classification or shelving scheme Dewey Decimal Classification
Item type English Books
Classification part 613.0433
Call number suffix POD
Holdings
Withdrawn status Lost status Not for loan Collection code Home library Current library Date acquired Source of acquisition Cost, normal purchase price Full call number Barcode Copy number Cost, replacement price Koha item type
      Non-fiction Patel Nagar Patel Nagar 27/07/2017 DBAD/PUB 140.00 613.0433 POD EN-102954 1 140.00 English Books

© Delhi Public Library
Hit Counter
free hit counter